LEADER 01468nam a2200301 i 4500 001 000000157129 003 CaOOAMICUS 005 20160829000000.0 008 160829s2003 it u000 u ita u 013 $a134485 020 $a88-215-4629-2 040 $aSeMil$bita 100 1 $aCabaud, Judith.$0(OLS)http://semarc/name/61372 240 10$aEugenio Zolli au le prophčte d'un monde nouveau.$0(OLS)http://semarc/title/230425 245 13$aIl Rabbino che si arrese a Cristo :$bla storia di Eugenio Zolli, rabbino capo a Roma durante la seconda guerra mondiale /$cJudith Cabaud ; [prefazione di Vittorio Messori]. 250 $a2. ed. 260 $aCinisello Balsamo :$bSan Paolo,$c2003. 300 $a120 p. ;$c22 cm. 490 0 $aAttualitą e storia ;$v31 650 4$aZolli, Eugenio .$0(OLS)http://semarc/subject/21010 700 1 $aMessori, Vittorio,$d<1941- >.$0(OLS)http://semarc/name/16978 830 0$aAttualitą e storia ;$v31.$0(OLS)http://semarc/title/5888 850 $aSeMil 852 $aSeMil$W1$xVenegono$y1$m2R III 422$j108851$B108851$CSeMilBibl$Z2$F118520 $81 961 $aOmaggio: Altro 996 $6020$a88-215-4629-2$9(OLS)http://semarc/number/147381 996 $6245$aIl Rabbino che si arrese a Cristo :$bla storia di Eugenio Zolli, rabbino capo a Roma durante la seconda guerra mondiale$9(OLS)http://semarc/title/230424 996 $6260$aCinisello Balsamo :$bSan Paolo$9(OLS)http://semarc/publisher/30129 LEADER 01198nam a2200289 i 4500 001 000000137553 003 CaOOAMICUS 005 20050418000000.0 008 050418s1999 it u000 u ita u 013 $a111347 020 $a88-452-3834-2 040 $aSeMil$bita 100 1 $aGibran, Kahlil <1883-1931>.$0(OLS)http://semarc/name/18254 245 10$aLettere d'amore del Profeta /$cKahlil Gibran ; Versione e adattamento di Paulo Coelho ; Traduzione dal portoghese di Rita Desti. 250 $a2. ed. 260 $aMilano :$bBompiani,$c1999 (1998) 300 $a132 p. ;$c17 cm. 650 4$aAmore.$0(OLS)http://semarc/subject/5789 650 4$aEpistolari.$0(OLS)http://semarc/subject/1376 700 1 $aDesti, Rita.$0(OLS)http://semarc/name/42338 700 1 $aCoelho, Paulo,$d<1947- >.$0(OLS)http://semarc/name/46862 850 $aSeMil 852 $aSeMil$W1$xVenegono$y1$m86 61 2 *$j91098$B91098$CSeMilBibl$Z2$F97179 $81 961 $aOmaggio: Elli don Michele 996 $6020$a88-452-3834-2$9(OLS)http://semarc/number/125317 996 $6245$aLettere d'amore del Profeta$9(OLS)http://semarc/title/200991 996 $6260$aMilano :$bBompiani$9(OLS)http://semarc/publisher/29706